Armstrong's Handbook of Human Resource Management Practice / (Record no. 17023)

MARC details
000 -LEADER
fixed length control field 00912cam a22002654a 4500
001 - CONTROL NUMBER
control field 17001472
005 - DATE AND TIME OF LATEST TRANSACTION
control field 20120925151225.0
008 - FIXED-LENGTH DATA ELEMENTS--GENERAL INFORMATION
fixed length control field 111017s2012 enka f 001 0 eng
020 ## - INTERNATIONAL STANDARD BOOK NUMBER
International Standard Book Number 0749465506
020 ## - INTERNATIONAL STANDARD BOOK NUMBER
International Standard Book Number 9780749465506
020 ## - INTERNATIONAL STANDARD BOOK NUMBER
International Standard Book Number 9780749465513
020 ## - INTERNATIONAL STANDARD BOOK NUMBER
International Standard Book Number 0749465514
082 00 - DEWEY DECIMAL CLASSIFICATION NUMBER
Classification number 658.3
Edition number 23
Item number ARM
100 1# - MAIN ENTRY--PERSONAL NAME
Personal name Armstrong, Michael,
Dates associated with a name 1928-
9 (RLIN) 23156
245 10 - TITLE STATEMENT
Title Armstrong's Handbook of Human Resource Management Practice /
Statement of responsibility, etc Michael Armstrong.
246 30 - VARYING FORM OF TITLE
Title proper/short title Handbook of human resource management practice
250 ## - EDITION STATEMENT
Edition statement 12th ed.
260 ## - PUBLICATION, DISTRIBUTION, ETC. (IMPRINT)
Place of publication, distribution, etc London ;
-- Philadelphia :
Name of publisher, distributor, etc Kogan Page,
Date of publication, distribution, etc 2012.
300 ## - PHYSICAL DESCRIPTION
Extent xxxvi, 752 p. :
Other physical details col. ill. ;
Dimensions 25 cm.
500 ## - GENERAL NOTE
General note Includes index.
650 #0 - SUBJECT ADDED ENTRY--TOPICAL TERM
Topical term or geographic name as entry element Personnel management
Form subdivision Handbooks, manuals, etc.
9 (RLIN) 23299
653 ## - INDEX TERM--UNCONTROLLED
Resource For college
Arrived date list September2012
700 1# - ADDED ENTRY--PERSONAL NAME
Personal name Armstrong, Michael,
Dates associated with a name 1928-
Title of a work Handbook of human resource management practice.
9 (RLIN) 30963
942 ## - ADDED ENTRY ELEMENTS (KOHA)
Source of classification or shelving scheme Dewey Decimal Classification
Item type Book - Borrowing
Holdings
Withdrawn status Item status Source of classification or shelving scheme Damaged status Not for loan Vendor Home library Current library Shelving location Date acquired Source of acquisition Cost, normal purchase price Serial Enumeration / chronology Total Checkouts Full call number Barcode Date last seen Date last borrowed Koha item type Total Renewals Materials specified (bound volume or other part)
    Dewey Decimal Classification     Baccah Central Library Central Library First floor 25/09/2012   680.00 3 3 658.3 ARM 000027362 15/07/2025 20/10/2013 NB - Book (Non borrowing)    
    Dewey Decimal Classification     Baccah Central Library Central Library First floor 25/09/2012   680.00 3 24 658.3 ARM 000027363 15/07/2025 22/02/2020 Book - Borrowing 186  
    Dewey Decimal Classification     Baccah Central Library Central Library First floor 25/09/2012   680.00 3 24 658.3 ARM 000027364 15/07/2025 28/08/2018 Book - Borrowing 58  
    Dewey Decimal Classification     Baccah Central Library Central Library First floor 25/09/2012   680.00 3 14 658.3 ARM 000027365 15/07/2025 25/09/2017 Book - Borrowing 57  
  Lost Dewey Decimal Classification     Baccah Central Library Central Library First floor 25/09/2012   680.00 3 15 658.3 ARM 000027366 06/12/2018 26/10/2016 Book - Borrowing 29 Lost In Inventory_18-8-2021
    Dewey Decimal Classification       Central Library Central Library First floor 20/08/2013   680.00   15 658.3 ARM 000028816 15/07/2025 07/12/2017 Book - Borrowing 38